| 000 | 01025nam a2200193 a 4500 | ||
|---|---|---|---|
| 001 | 000032529 | ||
| 005 | 20200930065705.0 | ||
| 008 | 110719s2007 xxuac 000 0 spa d | ||
| 040 |
_aDO-SdBNP _bspa _cBNPHU |
||
| 082 |
_axxxx _bB726 |
||
| 100 | 1 |
_aBorbón Parma, Edita de _951353 |
|
| 245 | 1 | 0 |
_aEdita de Borbón Parma : _bmi vida / _cEdita de Borbón Parma. |
| 260 |
_aNueva York : _bRazón Real, _c2007. |
||
| 300 |
_a361 p. : _bil. retr. ; _c29 cm. |
||
| 500 | _aEdita de Borbón Parma (Reynoso Gonzales), mi vida, antropellos y sufrimientos, por ser descendiente de la histórica y emblemática pareja presidencial dominicana el gral. don Horacio Vásquez Lajara y la poetisa y princesa doña Trina Moya de Vásquez (María del Carmen Reynoso, María de las Mercedes de Borbón y de Borbón), vinculados a las familia real de España desde los tiempos coloniales y victimas de la dictadura de Trujillo | ||
| 590 | _a2 ejemplares autografiados por la autora | ||
| 700 | 1 | 2 |
_aReynoso González, Edita _958462 |
| 049 | _aBNPD | ||
| 999 |
_c32020 _d32020 |
||